Hóa học 12

Giới thiệu đại cương về kim loại, kim loại kiềm, kim loại thổ, nhôm, sắt và một số kim loại quan trọng khác.

Enregistré dans:
Détails bibliographiques
Auteur principal: Nguyễn, Xuân Trường
Format: Livre
Langue:Undetermined
Publié: Hà Nội Giáo dục Việt Nam 2011
Sujets:
Tags: Ajouter un tag
Pas de tags, Soyez le premier à ajouter un tag!
Thư viện lưu trữ: Trung tâm Học liệu Trường Đại học Cần Thơ
LEADER 00752nam a2200205Ia 4500
001 CTU_173517
008 210402s9999 xx 000 0 und d
020 |c 15200 
082 |a 540 
082 |b Tr561 
100 |a Nguyễn, Xuân Trường 
245 0 |a Hóa học 12 
245 0 |c Nguyễn Xuân Trường (Tổng chủ biên kiêm chủ biên) 
260 |a Hà Nội 
260 |b Giáo dục Việt Nam 
260 |c 2011 
520 |a Giới thiệu đại cương về kim loại, kim loại kiềm, kim loại thổ, nhôm, sắt và một số kim loại quan trọng khác. 
650 |a Chemistry 
650 |x Study and teaching 
980 |a Trung tâm Học liệu Trường Đại học Cần Thơ